Agricultural revolution in developing (Record no. 3683)
[ view plain ]
| 000 -LEADER | |
|---|---|
| fixed length control field | 00334nam a22001337a 4500 |
| 008 - FIXED-LENGTH DATA ELEMENTS--GENERAL INFORMATION | |
| fixed length control field | 250525b |||||||| |||| 00| 0 eng d |
| 020 ## - INTERNATIONAL STANDARD BOOK NUMBER | |
| ISBN | 9789351248132 |
| 100 ## - MAIN ENTRY--AUTHOR | |
| Author | Bamsil P.C. |
| 245 ## - TITLE STATEMENT | |
| Title | Agricultural revolution in developing |
| 300 ## - COLLATION | |
| Pagination | 626 |
| Other physical details | H/A |
| 650 ## - TRACINGS | |
| Main Subject | Agriculture- India- bBihar |
| 942 ## - ADDED ENTRY ELEMENTS (KOHA) | |
| Item type | Books |
| 050 ## - LIBRARY OF CONGRESS CALL NUMBER | |
| Classification number | HD2075 |
| Item number | .B39 |
| Source of classification or shelving scheme | Not for loan | Permanent location | Current location | Date acquired | Accession No. | Full call number | Barcode. | Koha item type |
|---|---|---|---|---|---|---|---|---|
| Library of Congress Classification | Samuel Ogbemudia Main Library, University of Abuja | Samuel Ogbemudia Main Library, University of Abuja | 05/25/2025 | 2022/60024 | HD2075.B39 | 2025-2202 | Books |